Datum a čas kvízu
17.5
Celkem bodů
Celkový počet nahraných bodů na tomto kvízu bez doplňovacích otázek.
6.
Pořadí na kvízu
Konečné umístění týmu na tomto kvízu.
Zaznamenané odpovědi
| # | Otázka | Odpověď | Body | Výsledky |
|---|---|---|---|---|
| 1. | Která česká politická strana p... | ODS | 0 | |
| 2. | Několika desítkám jedinců jist... | o lachtanech | 0 | |
| 3. | Legendární britská hudební sku... | Pink Floyd | 0 | |
| 4. | Europoslanci vyslyšeli volání... | množství vypuštěných emisí | 0 | |
| 5. | Fotbalisté Slavie Praha po blá... | Feyenoord Rotterdam | 0 | |
| 6. | Jak se jmenuje tento bývalý br... | Sasu Hovi, Finsko | 0 | |
| 7. | Gólman je klíčovou součástí i... | B) Irsko | 0 | |
| 8. | Napište jméno jednoho z nejlep... | Martin Galia | 0 | |
| 9. | Český reprezentační florbalový... | Lukáš Bauer | 0 | |
| 10. | Přiřaďte správně jména fotbalo... | 1D 2C 3B 4A | 0 |